| 000 | 00834nam a2200241Ia 4500 | ||
|---|---|---|---|
| 001 | 744 | ||
| 003 | GE_BSU | ||
| 008 | 181216s||||||||xx |||||||||||||| ||und|| | ||
| 020 | _a9789994083473 | ||
| 040 | _cGE_BSU | ||
| 080 | _a336.76(075.8) | ||
| 100 | _aჯალაბაძე, ლერი | ||
| 245 | _aეკოლოგიური აგროწარმოების სუფვლები. | ||
| 260 | _aთბილისი | ||
| 260 | _b,,მწიგნობარი'', | ||
| 260 | _c2007 | ||
| 300 | _a392 გვ. | ||
| 541 | _h1 5ლ. | ||
| 653 | _aეკოლოგიური აგროწარმოება | ||
| 653 | _aმცენარეთა დაცვა ავადმყოფობებისაგან | ||
| 653 | _aსახელმძღვანელო | ||
| 942 | _cBK | ||
| 999 |
_c34917 _d34917 |
||